Missing Word: The Coen Brothers Quiz Stats

Quiz Updated Feb 10, 2015

Challenge
Share
Tweet
Embed
Score 0/16 Timer 02:00
0 Plays Today
Movie Title Missing Word % Correct
O _____, Where' Art Thou?Brother
97%
No _____ for Old MenCountry
95.9%
_____ GritTrue
95.5%
_____ ArizonaRaising
90%
_____ after ReadingBurn
89.1%
The Man Who Wasn't _____There
83.7%
The Big _____Lebowski
79.5%
Barton _____Fink
66.2%
Movie Title Missing Word % Correct
The Hudsucker _____Proxy
61.5%
Intolerable _____Cruelty
59.3%
Miller's _____Crossing
56.4%
Blood _____.Simple
41.3%
A Serious _____Man
40.1%
_____ Llewyn DavisInside
38.7%
The Lady_____killers
35%
_____, je t'aimeParis
27.9%

Today's Daily Dose

Word Ladder
Antonym Clues II

Quick Pick
Movies of 2014

On This Day
April 24th II

You're not logged in!

Compare scores with friends on all Sporcle quizzes.
Sign Up with Email
OR
Log In

You Might Also Like...

Show Comments

Extras

Top Quizzes Today


Score Distribution

Your Account Isn't Verified!

In order to create a playlist on Sporcle, you need to verify the email address you used during registration. Go to your Sporcle Settings to finish the process.

Report this User

Report this user for behavior that violates our Community Guidelines.

Details: